000 01252nam a22003617a 4500
003 CHAP
005 20220329143313.0
008 080414d1996 es a r 00110 spa d
010 _a94698
011 _a95670
020 _a8429179755
035 _a106299
040 _cCHAP
082 0 0 _a628.3
_aR3Y
100 1 _aRamalho, Rubens Sette
_993805
245 1 0 _aTratamiento de aguas residuales
_c/por Rubens R.S.
250 _aed. rev.
260 _aBarcelona :
_bReverté,
_c1996
300 _aix, 705 p. :
_bilus. ; gráfs. ; cuadros
500 _aTrad. de : Introduction to wasterwater treatment processes, 2 ed.
590 _aBATCH-UPD
_b10
_c20130110
_lUCH01
_h0740
590 _aBATCH-UPD
_b10
_c20130410
_lUCH01
_h0422
590 _aBATCH-UPD
_b10
_c20130914
_lUCH01
_h0312
590 _aCONVERSION
_b10
_c20130109
_lUCH01
_h1352
650 1 4 _aAgua
_xContaminación.
_92351
650 1 4 _aAguas residuales.
_92583
650 1 4 _aAguas residuales
_xAnalisis.
_92584
650 1 4 _aTratamiento anaeróbico.
_9114699
901 _aBK
942 _cLIBRO
949 _a628.3 B3y
_bBC
_cLIBRO
_d33724002335694
_eLIBRO
_fc.2
_gI.261254
_h116780
_i106299
_si
_t$1465.10
949 _a628.3 R3Y
_bBC
_cLIBRO
_d33724002041040
_eLIBRO
_gI.c/e
_h109389
_i106299
_si
_t$1555.00
999 _c94698
_d94698